Lidia's Italian table (Record no. 232454)

MARC details
000 -LEADER
fixed length control field 00703nam a2200229Ia 4500
008 - FIXED-LENGTH DATA ELEMENTS--GENERAL INFORMATION
fixed length control field 191130s1998##################000#0#eng##
020 ## - INTERNATIONAL STANDARD BOOK NUMBER
ISBN 9780688154103
082 ## - DEWEY DECIMAL CLASSIFICATION NUMBER
Classification number 641.5945 BAS
245 ## - TITLE STATEMENT
Title Lidia's Italian table
Statement of responsibility, etc Lidia Matticchio Bastianich ; edited by Christopher Styler ; photography by Christopher Hirscheimer
250 ## - EDITION STATEMENT
Edition statement 1st ed
260 ## - PUBLICATION, DISTRIBUTION, ETC. (IMPRINT)
Place of publication New York
Name of publisher William Morrow
Year of publication 1998
300 ## - PHYSICAL DESCRIPTION
Number of Pages x, 390 p. : col. ill. ; 27 cm
500 ## - GENERAL NOTE
General note Includes index
650 ## - SUBJECT ADDED ENTRY--TOPICAL TERM
Topical Term Cooking, Italian
700 ## - ADDED ENTRY--PERSONAL NAME
Personal name Bastianich, Lidia
Personal name Styler, Christopher
991 ## -
-- 316494
Holdings
Withdrawn status Lost status Damaged status Not for loan Home library Current library Shelving location Date acquired Full call number Accession Number Price effective from Koha item type
        Anna Centenary Library Anna Centenary Library 6TH FLOOR, A WING 13.10.2020 641.5945 BAS 466850 13.10.2020 English Books

Find us on the map